<?xml version="1.0" encoding="UTF-8"?>
<record
    xmlns:xsi="http://www.w3.org/2001/XMLSchema-instance"
    xsi:schemaLocation="http://www.loc.gov/MARC21/slim http://www.loc.gov/standards/marcxml/schema/MARC21slim.xsd"
    xmlns="http://www.loc.gov/MARC21/slim">

  <leader>01267nam a2200301 a 4500</leader>
  <controlfield tag="005">20240507104503.0</controlfield>
  <controlfield tag="008">100806t2000||||ag a   f |||| 001 0 spa d</controlfield>
  <datafield tag="020" ind1=" " ind2=" ">
    <subfield code="a">9874317698</subfield>
  </datafield>
  <datafield tag="041" ind1=" " ind2=" ">
    <subfield code="a">spa</subfield>
  </datafield>
  <datafield tag="092" ind1=" " ind2=" ">
    <subfield code="c">616</subfield>
    <subfield code="l">47</subfield>
    <subfield code="s">LAS</subfield>
  </datafield>
  <datafield tag="100" ind1="1" ind2=" ">
    <subfield code="a">Lasala, Fernando G.</subfield>
    <subfield code="9">900</subfield>
  </datafield>
  <datafield tag="245" ind1=" " ind2="6">
    <subfield code="a">De la Semiolog&#xED;a a la Cl&#xED;nica.</subfield>
    <subfield code="b">Fasc.3 De la Semiolog&#xED;a del Aparato Digestivo a la Cl&#xED;nica. Segunda parte: higado, v&#xED;as biliares y p&#xE1;ncreas /</subfield>
    <subfield code="c">Fernando G. Lasala</subfield>
  </datafield>
  <datafield tag="250" ind1=" " ind2=" ">
    <subfield code="a">1a ed.</subfield>
  </datafield>
  <datafield tag="260" ind1=" " ind2=" ">
    <subfield code="a">Buenos Aires: </subfield>
    <subfield code="b">S/E;</subfield>
    <subfield code="c">2000.</subfield>
  </datafield>
  <datafield tag="300" ind1=" " ind2=" ">
    <subfield code="a">93 p.</subfield>
    <subfield code="b">il.</subfield>
  </datafield>
  <datafield tag="500" ind1=" " ind2=" ">
    <subfield code="a">Lasala, F. G. y Gennaro,O. (2000). De la semiolog&#xED;a a la cl&#xED;nica. Fasc.3 De la semiolog&#xED;a del aparato digestivo a la cl&#xED;nica. Segunda Parte: H&#xED;gado, v&#xED;as biliares y p&#xE1;ncreas. (1a ed.). Buenos Aires : S/E.</subfield>
  </datafield>
  <datafield tag="653" ind1=" " ind2="4">
    <subfield code="a">Las ictericias</subfield>
  </datafield>
  <datafield tag="653" ind1=" " ind2="3">
    <subfield code="a">El laboratorio en las enfermedades del h&#xED;gado y de la v&#xED;a biliar</subfield>
  </datafield>
  <datafield tag="653" ind1=" " ind2=" ">
    <subfield code="a">S&#xED;ndrome de insuficiencia hep&#xE1;tica</subfield>
  </datafield>
  <datafield tag="653" ind1=" " ind2="3">
    <subfield code="a">El s&#xED;ndrome de hipertensi&#xF3;n portal</subfield>
  </datafield>
  <datafield tag="653" ind1=" " ind2="3">
    <subfield code="a">El paciente con ascitis</subfield>
  </datafield>
  <datafield tag="653" ind1=" " ind2="3">
    <subfield code="a">El s&#xED;ndrome de masa ocupante hep&#xE1;tica</subfield>
  </datafield>
  <datafield tag="653" ind1=" " ind2="4">
    <subfield code="a">Los s&#xED;ndromes vesiculares</subfield>
  </datafield>
  <datafield tag="653" ind1=" " ind2="3">
    <subfield code="a">El paciente con colestasis</subfield>
  </datafield>
  <datafield tag="653" ind1=" " ind2="4">
    <subfield code="a">Los s&#xED;ndromes pancre&#xE1;ticos</subfield>
  </datafield>
  <datafield tag="700" ind1="1" ind2=" ">
    <subfield code="a">Gennaro,Orlando</subfield>
    <subfield code="9">3769</subfield>
  </datafield>
  <datafield tag="942" ind1=" " ind2=" ">
    <subfield code="2">ddc</subfield>
    <subfield code="c">BK</subfield>
  </datafield>
  <datafield tag="999" ind1=" " ind2=" ">
    <subfield code="c">2185</subfield>
    <subfield code="d">2185</subfield>
  </datafield>
  <datafield tag="952" ind1=" " ind2=" ">
    <subfield code="0">0</subfield>
    <subfield code="1">0</subfield>
    <subfield code="2">ddc</subfield>
    <subfield code="4">0</subfield>
    <subfield code="7">0</subfield>
    <subfield code="a">BFM</subfield>
    <subfield code="b">BFM</subfield>
    <subfield code="c">CR</subfield>
    <subfield code="d">2015-08-05</subfield>
    <subfield code="e">Donaci&#xF3;n Agosto 2015.</subfield>
    <subfield code="l">0</subfield>
    <subfield code="o">616  47 LAS</subfield>
    <subfield code="p">3516</subfield>
    <subfield code="r">2015-08-05</subfield>
    <subfield code="t">Ej. 1</subfield>
    <subfield code="w">2015-08-05</subfield>
    <subfield code="y">BK</subfield>
    <subfield code="z">Donaci&#xF3;n Agosto 2015.</subfield>
  </datafield>
  <datafield tag="952" ind1=" " ind2=" ">
    <subfield code="0">0</subfield>
    <subfield code="1">0</subfield>
    <subfield code="2">ddc</subfield>
    <subfield code="4">0</subfield>
    <subfield code="7">0</subfield>
    <subfield code="a">BFM</subfield>
    <subfield code="b">BFM</subfield>
    <subfield code="c">CR</subfield>
    <subfield code="d">2020-02-10</subfield>
    <subfield code="e">Donaci&#xF3;n, febrero 2020.</subfield>
    <subfield code="l">2</subfield>
    <subfield code="o">616 47 LAS</subfield>
    <subfield code="p">4606</subfield>
    <subfield code="r">2026-04-20</subfield>
    <subfield code="s">2026-04-09</subfield>
    <subfield code="t">Ej. 2</subfield>
    <subfield code="w">2020-02-10</subfield>
    <subfield code="y">BK</subfield>
    <subfield code="z">Donaci&#xF3;n, febrero 2020.</subfield>
  </datafield>
</record>
